| 000 | 00493nam a2200205Ia 4500 | ||
|---|---|---|---|
| 003 | 0100 | ||
| 008 | 130303s9999 xx 000 0 und d | ||
| 040 | _cARRUPELIB | ||
| 050 | _aBJ319.A2T3 1963 | ||
| 245 | 4 | _aThe moral judgment | |
| 245 | _breadings in contemporary meta-ethics | ||
| 260 | _aEnglewood Cliffs | ||
| 260 | _bPrentice-Hall, Inc. | ||
| 260 | _C1963 | ||
| 300 | _axvii | ||
| 300 | _b 296p. 22cm. | ||
| 650 | _aETHICS | ||
| 700 | _aTaylor, Paul W. (ed.) | ||
| 942 | 0 | 0 | _02 |
| 999 |
_c42998 _d42998 |
||